Eastern exploration, past and future : lectures at the Royal institution /

Saved in:

Main Author: Petrie, W. M. Flinders, 1853-1942 (Author)

Format: Book

Language: English

Published: London : Constable and company, ltd., 1918.

Subjects:

Tags: Add Tag

No Tags, Be the first to tag this record!

Call Number: DS56 .P4 1918

LEADER 00803namaa2200241 4500
001 20787
003 OSt
005 20260311113152.0
008 130303s1918 enk 000 0 eng d
010 |a 19008221 
040 |c ARCE Library 
043 |a awba---  |a awgz---  |a a-iq--- 
050 4 |a DS56 .P4 1918 
100 1 |a Petrie, W. M. Flinders,   |q (William Matthew Flinders),   |d 1853-1942,  |e author 
245 1 0 |a Eastern exploration, past and future :  |b lectures at the Royal institution /  |c by W. M. Flinders Petrie. 
264 1 |a London :  |b Constable and company, ltd.,  |c 1918. 
300 |a vi pages, 1 leaf, 118 pages ;  |c 19 cm. 
505 0 |a Palestine -- Mesopotamia -- The future. 
651 0 |a Palestine  |x Antiquities. 
651 0 |a Iraq  |x Antiquities. 
901 |a reviewed 
942 |c BK  |2 lcc 
999 |c 17227  |d 17227